1239 1006 1287 1171 1681 1192 1103 1422 1727 1684 1162 1661 1821 1684 1743 1127 1067 1798 1917 1470 1898 1435 1027 1602 1669 1417 1936 1600 1904 1291 1404 1630 1553 1827 1397 1066 1960 1296 1358 1742 1183 1858 1236 1874 1741 1788 1584 1617 1845 1607 1741 1537 1175 1688 1732 1561 1589 1033 1877 1966 1073 1763 1171 1795 1823 1257 1074 1263 1628 1783 1381 1275 1762 1795 1216 1256 1515 1947 1399 1702 1141 1786 1754 1465 1000 1742 1592 1351 1325 1993 1907 1831 1268 1107 1518 1890 1769 1876 1724 BCNSPRNW ULIB Ver.6.0+V

เปลี่ยนเป็นภาษาไทย

Change to English
 แสดงรายละเอียดบรรณานุกรม
  กลับหน้าหลัก

Brief Record : Get Marc (ISO 2709) : E-mail record : QR code < ปิดหน้าต่าง
LEADER : 00000nam 2200000uu 4500
001    13399127919
003     ULIB
008    211108s||||||||th 000 0 tha d
020    ^a9786165772068 (ล.1)
060 04 ^aWY106^bห321^cล.1
245 00 ^aหลักการพยาบาลอนามัยชุมชน^nเล่ม 1 :^bความรู้เบื้องต้นเกี่ยวกับงานชุมชนและสาธารณสุข /^cวิโรจน์ ไววานิชกิจ, บรรณาธิการ
246 31 ^aหลักการพยาบาลอนามัยชุมชน
250    ^aพิมพ์ครั้งที่ 1
260    ^aกรุงเทพฯ :^bโรงพิมพ์จุฬาลงกรณ์มหาวิทยาลัย,^c2563
300    ^a88 หน้า :^bภาพประกอบ ;^c21 ซม.
504    ^aมีบรรณานุกรมและดรรชนี
650  4 ^aการพยาบาลอนามัยชุมชน
700 0  ^aวิโรจน์ ไววานิชกิจ,^eบรรณาธิการ
945    ^p470^l0^i29089
945    ^p470^l0^i29090
945    ^p470^l0^i29091
945    ^p470^l0^i29092
945    ^p470^l0^i29093
999    ^aกัณชพร จุลอักษร
รายการนี้ยังไม่มีแท็ก
คุณยังไม่ได้ล็อกอิน คุณสามารถมีกิจกรรมร่วมกับเว็บไซต์ได้ แต่ต้องล็อกอินก่อน ::
  ล็อกอิน

รายการสื่อสารสนเทศ

ลำดับที่ ประเภท เลขเรียก/บาร์โค้ด สถานที่ สถานะ
1. หนังสือสำรอง
หนังสือสำรอง
WY106 ห321 ล.1 ฉ.1 
  Barcode: 29089
ห้องสมุดวิทยาเขตนครสวรรค์
►หนังสือทั่วไป:l:General Books
บนชั้น
2. วิทยาศาสตร์การแพทย์ และสุขภาพ
วิทยาศาสตร์การแพทย์ และสุขภาพ
WY106 ห321 ล.1 ฉ.2 
  Barcode: 29090
ห้องสมุดวิทยาเขตนครสวรรค์
►หนังสือทั่วไป:l:General Books
บนชั้น
3. วิทยาศาสตร์การแพทย์ และสุขภาพ
วิทยาศาสตร์การแพทย์ และสุขภาพ
WY106 ห321 ล.1 ฉ.3 
  Barcode: 29091
ห้องสมุดวิทยาเขตนครสวรรค์
►หนังสือทั่วไป:l:General Books
บนชั้น
4. วิทยาศาสตร์การแพทย์ และสุขภาพ
วิทยาศาสตร์การแพทย์ และสุขภาพ
WY106 ห321 ล.1 ฉ.4 
  Barcode: 29092
ห้องสมุดวิทยาเขตนครสวรรค์
►หนังสือทั่วไป:l:General Books
บนชั้น
5. วิทยาศาสตร์การแพทย์ และสุขภาพ
วิทยาศาสตร์การแพทย์ และสุขภาพ
WY106 ห321 ล.1 ฉ.5 
  Barcode: 29093
ห้องสมุดวิทยาเขตนครสวรรค์
►หนังสือทั่วไป:l:General Books
บนชั้น

รายการใกล้เคียง
    หัวเรื่อง [การพยาบาลอนามัยชุมชน]

BibComment


ยังไม่เคยถูกคอมเมนท์

คอมเมนท์ทรัพยากรรายการนี้
  คอมเมนท์: หลักการพยาบาลอนา..


 Copyright 2026. Bcnsprnw @Library